Normal view
MARC view
- الازمة المالية العالمية-البنوك-تمويل-الاردن.
Entry Topical Term
001 - CONTROL NUMBER
- control field: 64777
003 - CONTROL NUMBER IDENTIFIER
- control field: JO-AjAnu
005 - DATE AND TIME OF LATEST TRANSACTION
- control field: 20231209141103.0
008 - FIXED-LENGTH DATA ELEMENTS
- fixed length control field: 231209|| aca||babn | a|a d
040 ## - CATALOGING SOURCE
- Original cataloging agency: JO-AjAnu
150 ## - HEADING--TOPICAL TERM
- Linkage: الازمة المالية العالمية-البنوك-تمويل-الاردن.
- Topical term or geographic name entry element: الازمة المالية العالمية-البنوك-تمويل-الاردن.